Učitavanje...

Roudram /

Bibliografski detalji
Glavni autor: Sasidharan, N. K.
Jezik:Undetermined
Izdano: Kottayam : Current Books , 1994.
Teme:
LEADER 00617nam a2200157Ia 4500
001 66209
008 170722s9999 xx 000 0 und d
100 |a Sasidharan, N. K. 
245 |a Roudram / 
260 |a Kottayam :  |b Current Books ,  |c 1994. 
300 |a 214 p.  |c 21cms 
653 |a Malayalam Novel 
942 |c GEN 
999 |c 114279  |d 114279 
952 |0 0  |1 0  |4 0  |6 O_323NSA55R_N4KRN41  |7 0  |9 161331  |a LIB  |b LIB  |d 2017-08-12  |o O32,3NSA55,R N4(KR)-N4;1  |p 218249  |r 2017-08-12  |v 40.00  |w 2017-08-12  |y GEN 
952 |0 1  |1 0  |4 0  |6 O_323NSA55R_N4KRN41  |7 0  |9 161332  |a LIB  |b LIB  |d 2017-08-12  |o O32,3NSA55,R N4(KR)-N4;1  |p 218250  |r 2017-08-12  |v 40.00  |w 2017-08-12  |y GEN